Halliday's introduction to functional grammar / (Record no. 60754)
[ view plain ]
| 000 -الفاتح | |
|---|---|
| حقل البيانات ثابتة الطول | 01184cam a22003254i 4500 |
| 005 - وقت وتاريخ اخر تعامل مع التسجيلة | |
| رقم الضبط | 20240530110426.0 |
| 008 - عناصر البيانات ثابتة الطول - معلومات عامة | |
| حقل البيانات ثابتة الطول | 130225s2014 enka f b 001 0 eng |
| 020 ## - الرقم الدولى المعيارى للكتب | |
| الرقم الدولى المعيارى للكتاب | 9780415826280 (hardback) |
| 020 ## - الرقم الدولى المعيارى للكتب | |
| الرقم الدولى المعيارى للكتاب | 9781444146608 (pbk.) |
| 020 ## - الرقم الدولى المعيارى للكتب | |
| الرقم الدولى المعيارى للكتاب الملغى /الخاطئ | 9780203431269 (ebook) |
| 040 ## - مصدر الفهرسة | |
| وكالة الفهرسة الأصلية | EG-CaGPL |
| وكالة النسخ | EG-CaGPL |
| 042 ## - | |
| -- | pcc |
| 082 04 - رقم تصنيف ديوى العشرى | |
| رقم الطبعة | 21 |
| رقم التصنيف | 425\ |
| رقم المادة | H H |
| 100 1# - المدخل الرئيسى - إسم شخصى | |
| الإسم الشخصى | Halliday, M. A. K. |
| الشكل الأكمل للاسم | (Michael Alexander Kirkwood), |
| التواريخ المصاحبة للاسم | 1925- |
| 240 10 - العنوان الموحد | |
| عنوان موحد | Introduction to functional grammar |
| 245 10 - بيان العنوان | |
| العنوان | Halliday's introduction to functional grammar / |
| بيان المسئوليه,etc | M.A.K. Halliday, Revised by Christian M.I.M. Matthiessen. |
| 250 ## - بيان الطبعة | |
| بيان الطبعة | Fourth Edition. |
| 300 ## - الوصف المادى | |
| التعداد | xviii, 786 pages : |
| تفاصيل ماديه اخرى للوعاء | illustrations ; |
| أبعاد الوعاء | 25 cm |
| 500 ## - تبصرة عامة | |
| تبصرة عامة | Previous ed. published as: Introduction to functional grammar, 2004. |
| 504 ## - تبصرة ببليوجرافية | |
| تبصرة ببليوجرافية,الخ | Includes bibliographical references and index. |
| 650 #0 - المدخل الاضافى بالموضوع-مصطلح موضوعى | |
| مصطلح موضوعي | Functionalism (Linguistics) |
| 650 #0 - المدخل الاضافى بالموضوع-مصطلح موضوعى | |
| مصطلح موضوعي | Grammar, Comparative and general. |
| 700 1# - المدخل الاضافى - اسم شخصى | |
| الإسم الشخصى | Matthiessen, Christian M. I. M., |
| الدور | author. |
| 942 ## - عناصر المدخل الإضافي( كوها) | |
| مصدر التصنيف او مخطط الترفيف | Dewey Decimal Classification |
| Koha [default] item type | كتاب |
| 264 #1 - | |
| -- | Milton Park, Abingdon, Oxon : |
| -- | Routledge, |
| -- | 2014. |
| 336 ## - | |
| -- | text |
| -- | rdacontent |
| 337 ## - | |
| -- | unmediated |
| -- | rdamedia |
| 338 ## - | |
| -- | volume |
| -- | rdacarrier |
| حالة التراجع | حالة الفقد | مصدر التصنيف او خطة الترفيف | حالة تلف | ليس للاعارة | المكان المؤقت | الموقع الحالى | تاريخ الاكتساب | اجمالي اﻻعارات | رقم الطلب | الباركود | تاريخ اخر مشاهدة | تاريخ تفعيل السعر | نوع وعاء كوها |
|---|---|---|---|---|---|---|---|---|---|---|---|---|---|
| ddc | مكتبة القاهرة الكبرى | مكتبة القاهرة الكبرى | 03/24/2015 | 425\ H H | 159866 | 03/24/2015 | 03/24/2015 | كتاب |

